000 00588nas a2200229 i 4500
001 187247
003 ES-MaACL
005 20250217134923.0
008 170519d19922009sp ar p yy 0 |spa d
022 _a1135-6103
080 _a(058.2)
245 0 0 _aAnuario de los hechos.
260 _aBarcelona :
_bDifusora Internacional,
_c1992-2009.
300 _a3 v. :
_bil. col. y n. ;
_c30 cm.
310 _aAnual
362 0 _a1991-2008.
655 7 _2tgfbne
_9226822
_aAnuarios
852 _aES-MaACL
_jHEM-D-199
866 0 _o1990-1992
942 _2udc
999 _c187247
_d187247